| 000 | 01118nam0a22003011 4500 | ||
|---|---|---|---|
| 001 | RU\INFOCOMM_327\NLR\5000081121 | ||
| 005 | 20250624202816.0 | ||
| 035 | _a(NLR Aleph) 010937482 | ||
| 090 |
_a10740653 _c10740653 |
||
| 100 | _a20130326d1985 |||y0rusy50 ca | ||
| 101 | 0 |
_aeng _drus |
|
| 102 | _aRU | ||
| 105 | _ay z ||||| | ||
| 200 | 1 |
_aResearch facilities of the PIK reactor _fA. N. Erykalov, I.A. Kondurov, K. A. Konoplev et al. |
|
| 210 |
_aL. _cЛИЯФ _d1985 |
||
| 215 |
_a26 с. _cил. _d20 см |
||
| 225 | 1 |
_aPreprint _fAcad. of sciences of the USSR, Leningrad nuclear physics inst. _v852 |
|
| 300 | _aНа обороте тит. л.: Экспериментальные возможности реактора ПИК / А. Н. Ерыкалов и др. | ||
| 300 | _aНа обл. надзаг. на рус. яз. | ||
| 300 | _aРез. на рус. яз. | ||
| 320 | _aБиблиогр.: с. 24-25 | ||
| 620 | _aСанкт-Петербург | ||
| 701 | 1 |
_aErykalov _bA. N. |
|
| 801 | 1 |
_aRU _bInfocomm _c20130326 |
|
| 801 | 0 |
_aRU _bINFOCOMM _gPSBO |
|
| 852 |
_aNLR _jТ15 Д-4/153 |
||
| 942 | _cBOOK | ||
| 980 | _aNB | ||